Apuntes de cirugía general / (Registro nro. 14043)

Detalles MARC
000 -LEADER
fixed length control field 00749nam a2200253 a 4500
001 - CONTROL NUMBER
control field
003 - CONTROL NUMBER IDENTIFIER
control field OCoLC
005 - DATE AND TIME OF LATEST TRANSACTION
control field 20220218100203.0
008 - FIXED-LENGTH DATA ELEMENTS--GENERAL INFORMATION
fixed length control field 081204s2015 dr a 000 0 spa d
020 ## - INTERNATIONAL STANDARD BOOK NUMBER
International Standard Book Number 9789945165487
040 ## - CATALOGING SOURCE
Original cataloging agency DO-SdBNP
Language of cataloging spa
Transcribing agency BPMSU
082 ## - DEWEY DECIMAL CLASSIFICATION NUMBER
Classification number 617
Item number P515a, 2015
Edition number 22
100 1# - MAIN ENTRY--PERSONAL NAME
Personal name Peynado Castillo, Héctor Rafael
245 10 - TITLE STATEMENT
Title Apuntes de cirugía general /
Statement of responsibility, etc. Héctor R. Peynado C.
250 ## - EDITION STATEMENT
Edition statement 3a ed.
260 ## - PUBLICATION, DISTRIBUTION, ETC. (IMPRINT)
Place of publication, distribution, etc. Santo Domingo :
Name of publisher, distributor, etc. Búho,
Date of publication, distribution, etc. 2013
300 ## - PHYSICAL DESCRIPTION
Extent 364 p. :
Other physical details il. ;
Dimensions 23 cm.
500 ## - GENERAL NOTE
General note Incluye datos biográficos del autor en la solapa de la cubierta
504 ## - BIBLIOGRAPHY, ETC. NOTE
Bibliography, etc Bibliografía : 563-565
590 ## - LOCAL NOTE (RLIN)
Local note Inventariado,2022/VM
650 #4 - SUBJECT ADDED ENTRY--TOPICAL TERM
Topical term or geographic name as entry element Cirugía operatoria.
910 ## - USER-OPTION DATA (OCLC)
User-option data VMateo V.
942 ## - ADDED ENTRY ELEMENTS (KOHA)
Source of classification or shelving scheme Dewey Decimal Classification
Koha item type Libros
Existencias
Withdrawn status Lost status Source of classification or shelving scheme Damaged status Not for loan Collection code Home library Current library Date acquired Source of acquisition Full call number Barcode Date last seen Price effective from Koha item type
    Dewey Decimal Classification     Colección Dominicana Biblioteca Pública Metropolitana Salomé Ureña Biblioteca Pública Metropolitana Salomé Ureña 02/18/2022 Fundacón Juan Bosch BPMSU CD 617 P515a 2015 BPMSU22020053 02/18/2022 02/18/2022 Libros